| 000 | 00680nam a2200181 a 4500 | ||
|---|---|---|---|
| 001 | 000033972 | ||
| 005 | 20200930070652.0 | ||
| 008 | 110915s1958 dr 000 0 spa d | ||
| 082 |
_axxx _bS715p |
||
| 100 | 1 |
_aSosa Agramonte Mass, Otto _959432 |
|
| 245 | 1 | 0 |
_aProyecciones de una política financiera : _bconsideraciones económico-sociales acerca del tratado Trujillo-Hull / _cOtto Sosa Agramonte Mass ; prólogo Manuel de Jesus Troncoso de la Concha. |
| 250 | _a2a. ed. | ||
| 260 |
_aCiudad Trujillo : _b[s.d], _c1958. |
||
| 300 |
_a16 p. ; _c23 cm. |
||
| 590 | _aInventariado, 2019/ YL | ||
| 700 | 1 | 2 |
_aTroncoso de la Concha, Manuel de Jesus _eprol. _959433 |
| 999 |
_c33463 _d33463 |
||
| 040 | _aDO-SdBNP | ||